00640nam a2200193 a 450000100060000000300080000600500170001400800410003103500190007204000420009104100080013308200210014110000600016224500960022226000310031830000340034950400360038365100270041942111BD-RjUL20211209053509.0160609s1960 enka 001 0 eng d a(BD-RjUL)42229 aDLCcABCdNYPdUKMdUKMdBD-RjULbeng aeng a916.89bPHV 19601 aPhillips, C. E. Lucasq(Cecil Ernest Lucas),d1897-198414aThe vision splendid :bthe future of the Central African Federation /cC. E. Lucas Phillips aLondon :bHeineman,cc1960 a384 p. :bill., maps ;c22 cm aIncludes Bibliography and index 0aRhodesia and Nyasaland